Mois de l’année en 5 langues - Statistiques

Statistiques générales
  • Ce quiz a été pris 119 fois
  • Le résultat moyen est 30 sur 60
Statistiques - réponses
Mois en français langue % Correct
Avril April
95%
Avril April
95%
Janvier Januar
95%
Juin June
95%
Août August
93%
Août August
93%
Septembre September
93%
Septembre September
93%
Décembre December
92%
Juillet July
92%
Mars March
92%
Mai May
92%
Octobre October
92%
Février Februar
91%
Janvier January
91%
Novembre November
91%
Novembre November
91%
Février February
88%
Mars März
72%
Mai Mai
69%
Juillet Juli
65%
Juin Juni
63%
Mai Mayo
51%
Mars Marzo
49%
Mars Marzo
49%
Novembre Noviembre
49%
Septembre Septiembre
47%
Janvier Enero
46%
Février Febrero
46%
Décembre Diciembre
45%
Juillet Julio
45%
Octobre Octubre
44%
Octobre Oktober
44%
Avril Abril
43%
Avril Abril
43%
Juin Junio
40%
Août Agosto
38%
Août Agosto
38%
Août Agosto
38%
Décembre Dezember
35%
Novembre Novembre
21%
Septembre Settembre
21%
Avril Aprile
18%
Décembre DIcembre
18%
Février Febbraio
17%
Janvier Gennaio
17%
Mai Maio
17%
Octobre Ottobre
17%
Juin Giugno
15%
Mars Março
15%
Janvier Janeiro
14%
Juillet Luglio
14%
Mai Maggio
13%
Novembre Novembro
12%
Février Fevereiro
11%
Juin Junho
11%
Septembre Setembro
11%
Décembre Dezembro
10%
Juillet Julho
10%
Octobre Outubro
8%
Aucun quiz correspondant
Distribution des résultats
% des personnes avec chaque résultat
Percentile par nombre de réponses
Votre historique - résultats
Vous n’avez pas pris ce quiz